Organizace amerických států

Guardado en:
Detalles Bibliográficos
Autor principal: Jungbauer, Radomír
Formato: Libro
Lenguaje:checo
Publicado: Praha Svoboda 1988
Edición:1. vyd.
Etiquetas: Agregar Etiqueta
Sin Etiquetas, Sea el primero en etiquetar este registro!

MARC

LEADER 00000nam a2200000 4500
001 c025286
005 20240805114419.6
041 0 |a cze 
044 |a CZ 
245 1 0 |a Organizace amerických států  |c Radomír Jungbauer 
250 |a 1. vyd. 
264 1 |a Praha  |b Svoboda  |c 1988 
300 |a 163 s. 
100 1 |a Jungbauer, Radomír